000 01061nam a2200313Ia 4500
001 Z_2224
003 CHAP
008 220113s1995 xx 000 0 und d
010 _a165280
040 _cCHAP
090 _aTesis C 939
100 _aCalderón Chávez, Mario Fernando
_917380
245 _aEfecto residual de la quema y fertilización nitrogenada sobre la producción de semilla de pasto navajita azul (Bouteloua gracilis) /
_cpor Mario Fernando Calderón Chávez y Ma. Guadalupe Botello Araujo
260 _aChapingo, Méx. :
_bEl autor,
_c1995
300 _a56 h.
502 _aTesis (Ing. Agr. Esp. en Zootecnia) -- UACH. Departamento de Zootecnia
650 _aBouteloua gracilis
_914797
650 _aNitrógeno
_xEfecto en pastos
_981455
650 _aPastos
_xFertilización
_986033
650 _aPastos
_xGerminación
_986040
650 _aPastos
_xSemillas
_9139239
700 _aBotello Araujo, Ma. Guadalupe
_914463
901 _aTESIS C 939
902 _aM
910 _a1995
942 _c2
942 _c2
999 _c165280
_d165280